000 00650nam a2200301Ia 4500
005 20260127113249.0
008 008 260114s9999 xx 000 0 eng d
020 _a9788195639243
037 _aTextbook
040 _aPSDL
040 _beng
040 _cPSDL
041 _2eng
041 _aeng
084 _aW.2 R3
084 _qPSDL
100 _aJohn, Maya
_91111519
245 0 _aDebating Education in India
245 0 _cJohn, Maya
260 _aNew Delhi
260 _bTulika Books
260 _c2023
300 _a290
942 _cTB
942 _hW.2 R3
999 _c1677696
_d1677696